Fill-in-the-Blank: World Languages - Statistics

General Stats
  • This quiz has been taken 99 times
  • The average score is 22 of 30
Answer Stats
Hint Answer % Correct
SP___SH ANI
88%
___ANESE JAP
88%
GER___ MAN
85%
E___ISH NGL
85%
AR___C ABI
83%
BENG___ ALI
83%
VIETNAM___ ESE
83%
FR___H ENC
82%
___LIAN ITA
82%
AFRI___NS KAA
82%
T___ISH URK
79%
SWAH___ ILI
77%
Z___ ULU
77%
P___ABI UNJ
77%
MANDA___ RIN
76%
___SIAN RUS
74%
PORTUG___E UES
74%
U___ RDU
73%
S___ISH WED
73%
NE___I PAL
70%
G___IC AEL
67%
P___IAN ERS
67%
H___I IND
67%
M___Y ALA
65%
SA___RIT NSK
65%
DA___H NIS
64%
TEL___ UGU
61%
TA___ MIL
59%
K___AN ORE
59%
AM___IC HAR
55%
No matching quizzes found
Score Distribution
Percent of People with Each Score
Percentile by Number Answered
Your Score History
You have not taken this quiz